000 00507nas a22001817i 4500
001 5920
003 OSt
005 20170216211003.0
007 tu
008 161220s1996 xxu||||| |||| 00| 0 d
024 7 _a5920
_2RID
024 7 _a5920
_2RSN (alt)
040 _cOSt
100 1 _aSchopf, Günter
_eEd.
245 0 0 _aDie Rolle Österreichs im Rahmen der Osterweiterung der Europäischen Union
260 _aWien :
_bIDM,
_c1996.
490 _aIDM - Studien des Institutes für den Donauraum und Mitteleuropa
_vFebruar
942 _cP
999 _c5625
_d5625